ბათუმის შოთა რუსთაველის სახელმწიფო უნივერსიტეტის ბიბლიოთეკა

XX საუკუნის ქართული ფილოსოფიის ანთოლოგია : (ბიბ.ჩანაწერი № 60096)

000 -ლიდერი
ფიქსირებული სიგრძის საკონტროლო ველი 01015nam a22002057a 4500
003 - საკონტროლო ნომრის იდენტიფიკატორი
საკონტროლო ველი Ge_BSU
005 - ბოლო ოპერაციის თარიღი და დრო
საკონტროლო ველი 20230608104420.0
008 - ფიქსირებული სიგრძის მონაცემთა ელემენტები - ზოგადი ინფორმაცია
ფიქსირებული სიგრძის საკონტროლო ველი 230608s2002 ge ||||| |||| 00| 0 geo d
020 ## - წიგნის საერთაშორისო სტანდარტული ნომერი
International Standard Book Number 999289301X
041 ## - ენის კოდი
Language code of text/sound track or separate title geo
080 ## - უნივერსალური ათობითი კლასიფიკაციის ინდექსი
Universal Decimal Classification number 1(479.22)(092) მ-57
245 ## - ცნობა სათაურის შესახებ
Title XX საუკუნის ქართული ფილოსოფიის ანთოლოგია :
Remainder of title ტ. 2. ნაკვ. 2 /
Statement of responsibility, etc შემდგ. ე. კოდუა; სარედ. კოლ.: გ. თევზაძე [და სხვ.].
264 ## - წარმოების, გამოცემის, დისტრიბუციის და სხვა ცნობები
გამოცემის, წარმოების, დისტრიბუციის... ადგილი თბილისი :
გამოცემის, წარმოების, დისტრიბუციის... სახელწოდება თბილ. უნ-ტის გამ-ბა,
გამოცემის, წარმოების, დისტრიბუციის... თარიღი 2002.
300 ## - ფიზიკური აღწერა
Extent 479 გვ.;
Other physical details 21 გვ.
653 ## - INDEX TERM--UNCONTROLLED
Uncontrolled term ქართული ფილოსოფიის ისტორია
653 ## - INDEX TERM--UNCONTROLLED
Uncontrolled term ქართველი ფილოსოფოსები
700 ## - ADDED ENTRY--PERSONAL NAME
Personal name კოდუა, ედუარდ
Relator term შემდეგნელი
9 (RLIN) 985
700 ## - ADDED ENTRY--PERSONAL NAME
Personal name თევზაძე, გ.
Relator term რედაქტორი
9 (RLIN) 18561
942 ## - ADDED ENTRY ELEMENTS (KOHA)
Source of classification or shelving scheme
Koha item type წიგნი
ეგზემპლარები
ჩამოწერის სტატუსი დაკარგული ეგზემპლარის სტატუსი კლასიფიკაციის წყარო ან თაროზე გაწყობის სქემა დაზიანების სტატუსი არ გაიცემა მუდმივი მდებარეობა (დაცვის ადგილი) ამჟამინდელი ადგილსამყოფელი თაროზე განთავსების ადგილი შეძენის თარიღი ღირებულება, შესყიდვის ნორმალური ფასი სრული შენახვის შიფრი შტრიხკოდი ბოლო ოპერაციის თარიღი ეგზემპლარის მიმდევრობითი ნომერი (კეტერი?) Uniform Resource Identifier ფასის ძალაში შესვლის თარიღი ეგზემპლარის სახეობა საჯარო შენიშვნა
          ბათუმის შოთა რუსთაველის სახელმწიფო უნივერსიტეტის მთავარი ბიბლიოთეკა ბათუმის შოთა რუსთაველის სახელმწიფო უნივერსიტეტის მთავარი ბიბლიოთეკა წიგნსაცავი 2023-06-08 8.00 1(479.22)(092) მ-57 64563 2023-06-08 64563 ბსუ-ს საპატიო დოქტორის გურამ ლორთქიფანიძის საჩუქარი 2023-06-08 წიგნი 8 ლ.